00293nam a2200121Ia 4500008004100000041000800041082001200049100001500061245002500076260003700101300002400138365000900162240624s9999 xx 000 0 und d aeng a823 DAR aDARE TESSA aSURRENDER OF A SIREN c2009aNew YorkbBallantine Books a393 : p. : cm. ; 17 cb20